000 00309 a2200133 4500
001 64370
082 _a512.922 BEY
090 _c38001
_d38001
100 _aBeyder W H
245 _aStandard Mathematical Tables
260 _aOhio
_bCRC Press
_c1973
300 _a565 P.
650 _aMathematical Tables
942 _aNUST-CAE
_k512.922 BEY
999 _c299443
_d299443